000 00296nam a2200097Ia 4500
008 240331s9999 xx 000 0 und d
082 _bMAJ
100 _aMajupura, I
245 0 _aNepalese women :
_bstatus and role of Nepalese women in life-religious, social,economics,political and legal
942 _cL
999 _c1873
_d1873